000 00487nam a2200193Ia 4500
005 20260429112220.0
008 260429s9999||||xx |||||||||||||| ||und||
020 _a9789348196576
041 _aEnglish
082 _a519.5
_bCAM
100 _aCameron, Jax
245 0 _aFundamentals of statistics /
_cJax Cameron
250 _a1st ed.
260 _aNew Delhi :
_bVenus Books,
_c2025.
300 _axii, 262 p.; hb
650 _a Statistics
650 _aMathematics
942 _cTB
999 _c52936
_d52936